| 000 | 00459nam a22001577a 4500 | ||
|---|---|---|---|
| 005 | 20241015081322.0 | ||
| 008 | 241015b |||||||| |||| 00| 0 eng d | ||
| 041 | _aEnglish | ||
| 082 | _a349 SOU | ||
| 100 | _lEnglish | ||
| 245 |
_aSouth African Law Journal / _cedited by E Kahn |
||
| 260 |
_aCape Town: _bJuta and Company Ltd, _c1992 |
||
| 300 |
_bxiii, 752 pages; _c25 cm. |
||
| 650 |
_aLegal practice _bLaw |
||
| 942 |
_cBK _6ALISON_BN_VRIES |
||
| 999 |
_c3221 _d3221 |
||